000 00328nam a2200157Ia 4500
100 _aBerman/Kenneth A/ Paul/J.L
650 _aAlgorithms
942 _cBK
366 _f17.5
654 _aalgorithm
245 _aAlgorithms
260 _bCengage Learning
_aMumbai
_c2002
300 _a757
546 _aENGLISH
999 _c25743
_d25743